| 000 | 00805nam a2200229 a 4500 | ||
|---|---|---|---|
| 001 | 80027 | ||
| 003 | BD-RjUL | ||
| 005 | 20220623115053.0 | ||
| 008 | 220623s2020 bg ||||| |||| 00| 0 ben d | ||
| 020 | _a9847000004130 | ||
| 035 | _a(BD-RjUL)80027 | ||
| 040 |
_aBD-RjUL _beng _cBD-RjUL |
||
| 041 | _aben | ||
| 082 |
_223 _a891.443 _bMIB 2020 |
||
| 100 |
_aমিরবর, কল্যাণ _93839 |
||
| 245 |
_aবাংলাদেশের উপন্যাস : _b(১৯৭১-১৯৮৭) / _cকল্যাণ মিরবর |
||
| 260 |
_aঢাকা : _bজাতীয় সাহিত্য প্রকাশ : _c২০২০ |
||
| 300 |
_a৪৪৬ পৃ.; _c২২ সেমি. |
||
| 650 | _aবাংলা উপন্যাস | ||
| 650 | _aBengali novels | ||
| 942 |
_2ddc _cBK |
||
| 999 |
_c80027 _d80027 |
||